000
00252nam a2200097Ia 4500
005
20251222114351.0
008
251222s1900||||xx |||||||||||||| ||spa||
082
_a
DVD0060/A45/2004
245
0
_a
En busca de Ricardo III:Looking for Richard III
942
_c
DVD
999
_c
1251
_d
1251